000 01722nam a22001577a 4500
003 SGT
020 _a9780070263628
082 _a658.4012,KAZ
245 _aSTRATEGIC MANAGEMENT AND BUSINESS POLICY
250 _a3RD
260 _aNEW DELHI
_bTMH
_c2014
300 _a698
650 _aEXECUTIVE MANAGEMENT
653 _aPART I: AN OVERVIEW OF STRATEGIC MANAGEMENT AND BUSINESS POLICY CHAPTER1. INTRODUCTION TO STRATEGIC MANAGEMENT AND BUSINESS POLICY PART II: ESTABLISHMENT OF STRATEGIC INTENT CHAPTER2: HIERARCHY OF STRATEGIC INTENT PART III: STRATEGY FORMULATION CHAPTER3. ENVIRONMENTAL APPRAISAL CHAPTER4. ORGANISATIONAL APPRAISAL CHAPTER5. CORPORATE-LEVEL STRATEGIES: CONCENTRATION, INTEGRATION, AND DIVERSIFICATION CHAPTER6. CORPORATE-LEVEL STRATEGIES: INTERNATIONALIZATION, COOPERATION, AND DIGITALIZATION CHAPTER7. CORPORATE-LEVEL STRATEGIES: STABILITY, RETRENCHMENT AND RESTRUCTURING CHAPTER8. BUSINESS-LEVEL STRATEGIES CHAPTER9. STRATEGIC ANALYSIS AND CHOICE PART IV: STRATEGY IMPLEMENTATION CHAPTER10. ACTIVATING STRATEGIES CHAPTER11. STRUCTURAL IMPLEMENTATIONS CHAPTER12. BEHAVIOURAL IMPLEMENTATION CHAPTER13. FUNCTIONAL AND OPERATIONAL IMPLEMENTATION PART V: STRATEGIC EVALUATION CHAPTER14. STRATEGIC EVALUATION AND CONTROL PART VI: APPLYING STRATEGIC MANAGEMENT CASE STUDIES CHAPTER1. AIR DECCAN CHAPTER2. MARUTI UDYOG LIMITED CHAPTER3. THE PETROLEUM INDUSTRY OF INDIA IN 2008 CHAPTER4. BHARAT PETROLEUM CORPORATION LTD CHAPTER5. ON THE JOB: STRATEGY CASE OF NAUKRI.COM CHAPTER6. RELIANCE RETAIL CHAPTER7. FOOD WORLD CHAPTER8. BANKING ON PARADISE CHAPTER9. THE INTERNATIONALIZATION STRATEGY OF WIPRO IN EUROPE CHAPTER10.A STRATEGY CASE OF THE RAJASTHAN SHIKSHA KARMI PROJECT
942 _2ddc
_cFCM
_04
999 _c8978
_d8978